| 000 | 00712cab a2200253 4500 | ||
|---|---|---|---|
| 001 | ABS53784 | ||
| 008 | 090401t1995 xxu||||| |||| 00| 0 eng d | ||
| 035 | _a(Sirsi) u6581 | ||
| 041 | _aeng | ||
| 100 | _aTaylor, P. | ||
| 245 | _aRemedies for breach of a repairing covenant | ||
| 260 | _c1995 | ||
| 350 | _a0 | ||
| 490 |
_aProperty Review _v5(8) October 1995, 252-255(4) |
||
| 520 | _aConsiders the commercial and legal aspects of various remedies to enforce a repairing covenant. | ||
| 650 | _aDAMAGES | ||
| 650 | _aENFORCEMENT | ||
| 650 | _aFORFEITURE OF LEASE | ||
| 650 | _aLEASES | ||
| 650 | _aREPAIRING COVENANTS | ||
| 690 |
_aLandlord and tenant _96252 |
||
| 942 | _n0 | ||
| 948 | _c04/03/1997 | ||
| 999 |
_c3934 _d3934 |
||